000 00654nam a2200241 i 4500
001 C2-0316732
003 PPAK
005 20180728112830.0
008 120807s2011 my |||| ||||| | may d
020 _a9789676124722
040 _aPPAK
_beng
_cPPAK
_erda
082 0 4 _a378.595
_223
090 0 0 _a378.595
_bYAH
_dG
100 0 _aYahaya Salim,
_eauthor
245 1 0 _aYang bernama mahasiswa
264 1 _aKuala Lumpur :
_bUtusan Publications ,
_c2011
300 _a171 pages ;
_c21 cm
336 _2rdacontent
_atext
337 _2rdamedia
_aunmediated
338 _2rdacarrier
_avolume
650 1 0 _aCollege students - Malaysia.
942 _ddc
_cB
999 _c117851
_d117851